Les pilotes de f1 - 2024 - Statistiques

Statistiques générales
  • Ce quiz a été pris 121 fois
  • Le résultat moyen est 4 sur 10
Statistiques - réponses
Hint Réponse % Correct
red bull max verstappen
81%
mclaren lando norris
56%
ferrari charles leclerc
49%
mercedes lewis hamilton
48%
aston martin fernando alonso
44%
alpine pierre gasly
41%
racing bulls yuki tsunoda
34%
williams alex albon
32%
kick sauber valterri bottas
23%
haas kevin magnussen
22%
Aucun quiz correspondant
Distribution des résultats
% des personnes avec chaque résultat
Percentile par nombre de réponses
Votre historique - résultats
Vous n’avez pas pris ce quiz